| 000 | 01331cam a2200301 i 4500 | ||
|---|---|---|---|
| 003 | SA-RiAUC | ||
| 005 | 20250924062308.0 | ||
| 008 | 250810s1997 ua f b 001a0 ara c | ||
| 020 | _a9772120712 | ||
| 040 |
_aJO-MaAABU _bara _cSA-RiAUC _erda |
||
| 043 | _af-ua--- | ||
| 082 | 0 | 4 |
_a953.0738 _qSA-RiAUC |
| 090 |
_a953.0738 _bس ل ط |
||
| 100 | 1 |
_aسلطان، عبد المنعم عبد الحميد، _dتوفي 2014 _eمؤلف. |
|
| 245 | 1 | 2 |
_aالأسواق في العصر الفاطمي : _bدراسة وثائقية 358-567 هـ / 969-1171 م / _cعبد المنعم عبد الحميد سلطان. |
| 264 | 1 |
_aالإسكندرية، مصر : _bمؤسسة شباب الجامعة، _c1997. |
|
| 300 |
_a220 صفحة ؛ _c24 سم |
||
| 336 |
_aنص _btxt _2rdacontent _3كتاب |
||
| 337 |
_aبدون وسيط _bn _2rdamedia |
||
| 338 |
_aمجلد _bnc _2rdacarrier |
||
| 500 | _aكشافات : صفحة 189-207. | ||
| 504 | _aببليوجرافية : صفحة 211-219. | ||
| 650 | 7 |
_aالأسواق _zمصر _xتاريخ _yالعصر الفاطمي، 969-1171 _2aucsh |
|
| 651 | 7 |
_aالدولة الفاطمية _xتاريخ _2aucsh |
|
| 651 | 7 |
_aمصر _xتاريخ _yالعصر الفاطمي، 969-1171 _vوسائل سمعية بصرية _2aucsh |
|
| 942 |
_2ddc _cBOOK _n0 |
||
| 949 |
_aSA-JeALM _d250810 _umohamedma123 _n1 |
||
| 999 |
_c12078 _d12078 |
||